Paroles Ninho-Jamais (ft Dadju) - Statistiques

Statistiques générales
  • Ce quiz a été pris 129 fois
  • Le résultat moyen est 357 sur 500
Statistiques - réponses
Réponse % Correct
Jamais
100%
jamais
100%
ma
96%
m'a
96%
Ma
96%
sans
96%
à
93%
la
93%
La
93%
93%
ce
90%
nous
90%
nous
90%
toi
90%
de
89%
famille
89%
le
89%
Le
89%
me
89%
c'est
88%
l'oseille
88%
je
86%
Je
86%
que
86%
ça
85%
comme
85%
dans
85%
un
85%
du
84%
avec
83%
fierté
83%
les
83%
main
83%
toujours
83%
tu
83%
déterminé
81%
j'ai
81%
J'ai
81%
Maintenant
81%
maintenant
81%
une
81%
y'a
80%
Y'a
80%
vie
79%
dit
78%
j'suis
78%
suis
78%
vérité
78%
mes
77%
reine
77%
roi
77%
vide
77%
bébé
75%
chateau
75%
l'amour
75%
gosses
74%
j'me
74%
moi
74%
si
74%
va
74%
c'que
73%
faire
73%
quartier
73%
qu'on
73%
base
72%
grandi
72%
qui
72%
c'etait
70%
jusqu'à
70%
petit
70%
au
68%
Depuis
68%
personne
68%
car
67%
crie
65%
Et
64%
et
64%
même
64%
pas
64%
ta
64%
m'aider
63%
tourner
63%
mais
62%
Mais
62%
Mayday
62%
tout
62%
beau
60%
t'incrustes
60%
aucune
59%
coeur
59%
m'éloigne
59%
reufs
58%
j'te
57%
t'aime
57%
laisse
56%
mon
56%
Mon
56%
ne
56%
qu'tu
56%
baby
54%
des
54%
bouche
52%
elles
52%
fou
52%
pour
52%
rendu
51%
t'éloigner
51%
faut
49%
d'entre
48%
eu
48%
Habibi
48%
habibi
48%
j'crois
48%
J'crois
48%
m'as
48%
voudra
48%
bicrave
47%
rue
47%
donc
46%
est
46%
lâché
46%
répondes
46%
sous
43%
tard
43%
J'fais
42%
j'rentre
42%
on
42%
après
41%
fait
41%
noie
41%
rappeler
41%
devient
40%
malsain
40%
mensonge
40%
qu'je
40%
autour
38%
pétasses
38%
qu'toi
38%
demande
37%
j'cours
37%
Oh
37%
rançon
36%
buzz
35%
mama
35%
quoi ?
35%
descendance
33%
Forcément
32%
grave
32%
jour
32%
J'voulais
32%
partir
32%
plus
32%
préféré
31%
quand
31%
t'as
31%
corps
30%
gueule
30%
sais
30%
chérie
28%
docteur
28%
sépare
28%
temps
28%
destin
27%
J'vivais
27%
l'avenir
27%
perds
27%
s'fait
27%
pensais
26%
premier
26%
ton
26%
dirait
25%
l'argent
25%
qu't'assures
25%
chez
22%
t'inquiète
21%
bails
20%
comble
20%
consolerai
20%
toute
20%
volé
19%
passais
12%
t'aimer
12%
Audemars
11%
Aucun quiz correspondant
Distribution des résultats
% des personnes avec chaque résultat
Percentile par nombre de réponses
Votre historique - résultats
Vous n’avez pas pris ce quiz